|
|
|
|
| LEADER |
00000nam a22000007a 4500 |
| 005 |
2022072003563.0 |
| 007 |
cr|||| |||| |
| 008 |
220720s2020 br |||||s|||| 00||0 por d |
| 020 |
|
|
|a 978-85-93741-79-1
|
| 035 |
|
|
|a 36768
|
| 040 |
|
|
|a vLex
|
| 090 |
|
|
|c 13634
|d 13634
|
| 100 |
1 |
|
|a de Moraes Mello, Cleyson
|
| 245 |
1 |
0 |
|a Direito de laje
|h [Recurso electrn̤ico] /
|c Cleyson de Moraes Mello
|
| 256 |
|
|
|a Servicio en ln̕ea
|
| 260 |
|
|
|a Rio de Janeiro:
|b Editora Processo,
|c 2020
|
| 300 |
|
|
|a 1 recurso electrn̤ico
|
| 500 |
|
|
|a O direito ̉moradia ̌um dos direitos sociais fundamentais inerentes a qualquer indivd̕uo. Segundo o Censo 2010 do IBGE, o Brasil tinha cerca de 11,4 milhe̳s de pessoas morando em favelas e cerca de 12,2% delas (ou 1,4 milhô) estavam no Rio de Janeiro. O direito de propriedade nô pode ser compreendido como um direito absoluto, exclusivo, ilimitado, inviolv̀el de matriz individualista-liberal, senô deve estar em harmonia com o seu aproveitamento em benefc̕io da coletividade, sob o manto do princp̕io da funȯ̂ social da propriedade. O direito de laje, criado pela Lei 13.465/17, advinda da medida provisr̤ia 759/2016, surge como um instrumento jurd̕ico para enfrentar a questô da verticalizaȯ̂ dos espaȯs habitacionais brasileiros, mormente, em relaȯ̂ a sobreposiȯ̂ de moradias irregulares (conhecidos como 'puxadinhos'). Este direito j ̀era uma realidade ft̀ica (fatos sociais) em diversas comunidades em que o sujeito edificava em construȯ̂ alheia, visando construir uma unidade para sua moradia. Esta obra oferece uma clara e detalhada visô do direito de laje, incluindo uma anl̀ise comparativa com outros institutos jurd̕icos, tais como: propriedade, superfc̕ie, condomn̕io, servidô e sobrelevaȯ̂, incluindo as suas dimense̳s nos direitos fundamentais de nossa Constituiȯ̂ da Repb︢lica.
|
| 506 |
1 |
|
|a Disponible solo en los productos indicados
|d vLex Global
|d vLex Global (Academic Edition, excluding Law Schools)
|d vLex Global (U.S. Academic Edition, Law Schools)
|d vLex Global (U.S. Academic Edition, excluding Law Schools)
|d vLex Global (Academic Edition, Law Schools)
|
| 650 |
0 |
4 |
|a Derecho Civil
|z Brasil
|
| 740 |
0 |
|
|a vLex Libros (Servicio en ln̕ea)
|
| 856 |
4 |
0 |
|u https://app.vlex.com/#/sources/36768
|z Acceso restringido
|
| 942 |
|
|
|c BOOK
|
| 999 |
0 |
|
|a Civil Law
|